000 00561cam a22002171 4500
001 sa 64007225
003 DLC
005 20260227112045.0
008 850723s1963 io 000 0 ind
010 _asa 64007225
035 _a(OCoLC)12295190
040 _aDLC
_cIDeKN
_dDLC
042 _apremarc
043 _aa-io---
050 0 0 _aHC447
_b.R8
100 1 _aRunturambi, F.
245 1 0 _aProblim management ekonomi di Indonesia.
260 _aDjakarta :
_bSumber Tjahaja,
_c1963.
300 _a87 p. ;
_c19 cm.
651 0 _aIndonesia
_xEconomic policy.
999 _c60111
_d60111